000 00621nam a2200253Ia 4500
005 20250425162057.0
008 250425s9999 xx 000 0 und d
020 _a9701025253
041 _aspa
082 _a513.93
100 _aDIAZ MATA, ALFREDO
245 0 _aMATEMATICAS FINANCIERAS
250 _a3A ED.
260 _aMEXICO
260 _aMéxico
_bMCGRAW-HILL
_c1999
300 _a467
650 _aBOLSA DE VALORES
650 _aDEPRECIACION
650 _aFONDOS DE AMORTIZACION
650 _aMATEMATICAS FINANCIERAS
700 _aAGUILERA GOMEZ, VICTOR MANUEL
942 _c01
010 _a48034
999 _c221898
_d221898